000 00755nam a2200253Ia 4500
003 OSt
005 20220925223334.0
006 a|||||r|||| 00| 0
007 ta
008 220923b |||||||| |||| 00| 0 eng d
020 _a0415170168
_cPd 15.99
037 _b9110, 29/03/2001, SBD
_cGeneral Book
040 _aRTL
_cRTL
_beng
041 _2eng
_aeng
082 _aY150g4, N8
100 _aCarter Cynthia and others Ed.
_9289465
245 0 _aNews, gender and power
260 _aLondon
_bRoutledge
_c1998
300 _axi, 298p
_ccm.
500 _aBibliography: P 263-85
650 _aWoman Sociology
942 _hY150g4, N8
_cGB
_2CC
999 _c579296
_d579296